000 00872nam a22003257a 4500
005 20250624152421.0
008 250408b |||||||| |||| 00| 0 spa d
020 _a9780136729358
041 _aING
082 _a004.66 C579c
110 _aCisco Networking Academy
245 _aCCNAv7: switching, routing, and wireless essentials
260 _aEstados Unidos
260 _bCisco Press
260 _c2020
300 _a608 páginas
490 _aTecnologías de la Información
650 _aTECNOLOGÍAS DE INFORMACIÓN
650 _aSWITCHES
650 _aCONMUTADORES
650 _aTYPES OF VLANS
650 _aTIPOS DE VLAN
650 _aVLAN SPANNING TREE
650 _aÁRBOL DE EXPANSIÓN POR VLAN
650 _aETHER CHANNEL
650 _aCISCO
650 _aSWITCH SECURITY
650 _aSEGURIDAD DEL CONMUTADOR
942 _2ddc
_cBK
999 _c13767
_d13767